[Event "BL2 Sued 1718 (Women)"]
[Site "Germany"]
[Date "2018.01.27"]
[Round "4.2"]
[White "Henschel, Anke"]
[Black "Shamatava, Ana"]
[Result "0-1"]
[WhiteElo "2001"]
[BlackElo "2116"]
[PlyCount "90"]
[EventDate "2017.10.14"]
[EventType "team-tourn"]
[EventRounds "7"]
[EventCountry "GER"]
[SourceTitle "EXT 2019"]
[Source "ChessBase"]
[SourceDate "2018.10.10"]
[SourceVersion "1"]
[SourceVersionDate "2018.10.10"]
[SourceQuality "1"]
[WhiteTeam "Wadgassen/Differten (W)"]
[BlackTeam "Forstenried (W)"]
[WhiteTeamCountry "GER"]
[BlackTeamCountry "GER"]

1. e4 c5 2. Nf3 d6 3. Bb5+ Nc6 4. 0-0 Bd7 5. Re1 Nf6 6. c3 a6 7. Bf1 Bg4 8. d3 e5 9. Nbd2 b5 10. g3 Be7 11. Bg2 0-0 12. h3 Bh5 13. g4 Bg6 14. Nf1 Qc7 15. Ng3 Rad8 16. Qe2 Rfe8 17. Nh4 Nd7 18. Nhf5 Bf8 19. h4 Bxf5 20. Nxf5 Nb6 21. h5 d5 22. g5 d4 23. Bf1 c4 24. Qf3 Re6 25. cxd4 Nxd4 26. Nxd4 Rxd4 27. Be3 Rd8 28. Rac1 Rc6 29. Bxb6 Qxb6 30. dxc4 Rdc8 31. b3 Bc5 32. Red1 h6 33. Rd7 Rf8 34. Rc2 hxg5 35. cxb5 Rf6 36. Qg3 axb5 37. Rd5 Bd4 38. Rxb5 Qa7 39. Rb4 Rd8 40. Rbc4 Bxf2+ 41. Rxf2 Rd2 42. Rc8+ Kh7 43. Ra8 Qxf2+ 44. Qxf2 Rfxf2 45. Bh3 g4 0-1

[Event "BL2 Sued 1516 (Women)"]
[Site "Germany"]
[Date "2016.02.27"]
[Round "6.2"]
[White "Breitwieser, Jasmin"]
[Black "Henschel, Anke"]
[Result "1/2-1/2"]
[WhiteElo "1923"]
[BlackElo "2005"]
[PlyCount "106"]
[EventDate "2015.09.26"]
[EventType "team-tourn"]
[EventRounds "7"]
[EventCountry "GER"]
[SourceTitle "EXT 2017"]
[Source "ChessBase"]
[SourceDate "2016.10.25"]
[SourceVersion "1"]
[SourceVersionDate "2016.10.25"]
[SourceQuality "1"]
[WhiteTeam "Langen (W)"]
[BlackTeam "Wadgassen/Differten (W)"]
[WhiteTeamCountry "GER"]
[BlackTeamCountry "GER"]

1. d4 Nf6 2. c4 c5 3. d5 b5 4. Nf3 d6 5. cxb5 a6 6. e3 g6 7. Nc3 Bg7 8. Qc2 0-0 9. e4 Nbd7 10. a4 axb5 11. Bxb5 Ba6 12. 0-0 Bxb5 13. Nxb5 Qb6 14. Bd2 Rfb8 15. Bc3 Ne8 16. Bxg7 Kxg7 17. Nd2 Nc7 18. Nc4 Qb7 19. Nxc7 Qxc7 20. f4 Rb4 21. a5 Qb7 22. Ra3 Qb5 23. Rc3 Nf6 24. Qd3 Rxa5 25. Nxa5 Qxa5 26. e5 Ne4 27. Rc2 Rd4 28. Qe2 Qa2 29. exd6 exd6 30. f5 Qxd5 31. Qf3 Rd3 32. f6+ Kg8 33. Qf4 Rd1 34. Qf3 Qd4+ 35. Kh1 Rxf1+ 36. Qxf1 Qxf6 37. Qxf6 Nxf6 38. Kg1 Ne4 39. Kf1 f5 40. Ke2 Kf7 41. Ke3 Ke6 42. Rc1 Ke5 43. Ra1 d5 44. Ra5 c4 45. h4 h5 46. Rb5 f4+ 47. Kf3 g5 48. hxg5 Nxg5+ 49. Ke2 h4 50. Rb8 h3 51. Re8+ Kf5 52. Rf8+ Ke5 53. Re8+ Kf5 1/2-1/2

[Event "BL2 Sued 1415 (Women)"]
[Site "Germany"]
[Date "2014.11.30"]
[Round "4.4"]
[White "Henschel, Anke"]
[Black "Wiesner, Paula"]
[Result "0-1"]
[WhiteElo "1996"]
[BlackElo "1985"]
[PlyCount "80"]
[EventDate "2014.09.27"]
[EventType "team-tourn"]
[EventRounds "7"]
[EventCountry "GER"]
[SourceTitle "CBM 166 Extra"]
[Source "ChessBase"]
[SourceDate "2015.06.18"]
[SourceVersion "1"]
[SourceVersionDate "2015.06.18"]
[SourceQuality "1"]
[WhiteTeam "Wadgassen/Differten (W)"]
[BlackTeam "Karlsruhe (W)"]
[WhiteTeamCountry "GER"]
[BlackTeamCountry "GER"]

1. e4 e6 2. d3 c5 3. Nf3 Nc6 4. g3 g6 5. Bg2 Bg7 6. 0-0 Nge7 7. Re1 e5 8. Nc3 d6 9. Bg5 0-0 10. Qd2 Be6 11. Bh6 f5 12. Bxg7 Kxg7 13. exf5 Bxf5 14. h3 Bxh3 15. Bxh3 Rxf3 16. Re4 Nd4 17. Bg2 Rf7 18. Rh4 Ng8 19. Ne4 h6 20. c3 Nf5 21. Rh2 Rc8 22. g4 Nfe7 23. Re1 Rf4 24. Bh3 Rc7 25. Ng3 Nd5 26. Ne2 Rf8 27. d4 cxd4 28. cxd4 e4 29. Ng3 e3 30. fxe3 Rf3 31. Qg2 Rxe3 32. Rf1 Qh4 33. Qxd5 Qxg3+ 34. Bg2 Nf6 35. Qb5 Re1 36. Rh3 Rxf1+ 37. Qxf1 Qxg4 38. Rd3 Rc2 39. Kh1 Nh5 40. Kg1 Qxg2+ 0-1

[Event "BL2 Sued 1314 (Women)"]
[Site "Germany"]
[Date "2014.03.08"]
[Round "6.4"]
[White "Spiel, Marianne"]
[Black "Henschel, Anke"]
[Result "1-0"]
[WhiteElo "1921"]
[BlackElo "2010"]
[PlyCount "125"]
[EventDate "2013.11.30"]
[EventType "team-tourn"]
[EventRounds "7"]
[EventCountry "GER"]
[SourceTitle "EXT 2018"]
[Source "ChessBase"]
[SourceDate "2017.10.13"]
[SourceVersion "1"]
[SourceVersionDate "2017.10.13"]
[SourceQuality "1"]
[WhiteTeam "Muenchen Bayern (W)"]
[BlackTeam "Wadgassen/Differten (W)"]
[WhiteTeamCountry "GER"]
[BlackTeamCountry "GER"]

1. e4 d5 2. exd5 Qxd5 3. Nc3 Qa5 4. d4 c6 5. Nf3 Nf6 6. Be2 Bf5 7. 0-0 e6 8. Re1 Bd6 9. Bg5 Nbd7 10. Qd2 Qc7 11. h3 h6 12. Be3 Nb6 13. a3 g5 14. Rad1 g4 15. Nh4 gxh3 16. Nxf5 Bh2+ 17. Kf1 exf5 18. Bf3 0-0-0 19. Qd3 hxg2+ 20. Bxg2 Qd7 21. Bh3 Ng4 22. f3 Nxe3+ 23. Rxe3 Kb8 24. Bxf5 Qd6 25. Re2 Rhg8 26. Re4 h5 27. Ne2 Qf6 28. Bh3 Qg5 29. b3 f5 30. Re6 Rdf8 31. Qe3 Qh4 32. f4 Nd5 33. Qe5+ Ka8 34. Bxf5 Nxf4 35. Nxf4 Bxf4 36. Qe4 Qg3 37. Ke2 Bb8 38. Rf1 h4 39. Rxc6 Rg5 40. Rh6 h3 41. Rxh3 Qd6 42. Rh7 Qa6+ 43. c4 Rgxf5 44. Rxf5 Rxf5 45. Qxf5 Qxa3 46. Qc2 Qd6 47. Qe4 Qb4 48. Qf3 Qb6 49. Re7 Qa6 50. Kd3 Qb6 51. Kc2 Qg6+ 52. Kc3 Qb6 53. Qd5 a5 54. Qc5 Qd8 55. Rf7 Bd6 56. Qd5 Bb4+ 57. Kd3 Qc8 58. Rh7 Ka7 59. c5 Ka8 60. Qd7 Qxd7 61. Rxd7 Kb8 62. Kc4 Kc8 63. Rh7 1-0

[Event "BL2 Sued 1112 (Women)"]
[Site "Germany"]
[Date "2011.12.18"]
[Round "5.3"]
[White "Henschel, Anke"]
[Black "Weber, Kristina"]
[Result "1-0"]
[WhiteElo "2002"]
[BlackElo "1573"]
[PlyCount "41"]
[EventDate "2011.10.29"]
[EventType "team-tourn"]
[EventRounds "7"]
[EventCountry "GER"]
[SourceTitle "EXT 2013"]
[Source "ChessBase"]
[SourceDate "2012.11.22"]
[SourceVersion "1"]
[SourceVersionDate "2012.11.22"]
[SourceQuality "1"]
[WhiteTeam "Differten (W)"]
[BlackTeam "Mutterstadt (W)"]
[WhiteTeamCountry "GER"]
[BlackTeamCountry "GER"]

1. e4 e6 2. d3 d5 3. Nd2 Nf6 4. Ngf3 Be7 5. g3 0-0 6. Bg2 c5 7. 0-0 Nc6 8. Re1 d4 9. e5 Nd5 10. Qe2 f6 11. exf6 Bxf6 12. Ne4 Be7 13. Neg5 Nc7 14. Qe4 g6 15. Qh4 Bxg5 16. Bxg5 Qd6 17. Bf4 Qe7 18. Qxe7 Nxe7 19. Bxc7 Nd5 20. Bd6 Rd8 21. Bxc5 1-0

[Event "Oberliga Sued W 1011"]
[Site "Germany"]
[Date "2011.01.16"]
[Round "5.8"]
[White "Henschel, Anke"]
[Black "Schatz, Dieter"]
[Result "0-1"]
[WhiteElo "1871"]
[BlackElo "2133"]
[PlyCount "108"]
[EventDate "2010.10.10"]
[EventType "team-tourn"]
[EventRounds "9"]
[EventCountry "GER"]
[SourceTitle "EXT 2012"]
[Source "ChessBase"]
[SourceDate "2011.11.24"]
[SourceVersion "1"]
[SourceVersionDate "2011.11.24"]
[SourceQuality "1"]
[WhiteTeam "Illingen"]
[BlackTeam "Landau"]
[WhiteTeamCountry "GER"]
[BlackTeamCountry "GER"]

1. e4 e6 2. d3 d5 3. Nd2 Nf6 4. Ngf3 Be7 5. g3 dxe4 6. dxe4 b6 7. Bg2 Ba6 8. c4 Bb7 9. Qe2 Nc6 10. 0-0 e5 11. b3 Bc5 12. Bb2 Qe7 13. Nh4 g6 14. Nhf3 0-0-0 15. Nb1 Rhe8 16. Nc3 Nd4 17. Nxd4 exd4 18. Nd5 Nxd5 19. cxd5 Rxd5 20. Qg4+ f5 21. exf5 Rxf5 22. Bxb7+ Kxb7 23. Bxd4 Bxd4 24. Qxd4 c5 25. Qd3 Rd8 26. Qc2 Rd4 27. Rae1 Re5 28. Rxe5 Qxe5 29. f4 Qe3+ 30. Qf2 Qxf2+ 31. Rxf2 Kc6 32. f5 gxf5 33. Rxf5 b5 34. Rf2 a5 35. Kf1 a4 36. Ke2 c4 37. bxc4 b4 38. Ke3 Rxc4 39. h3 Rc3+ 40. Kf4 Kb5 41. h4 h5 42. Re2 a3 43. g4 Rc4+ 44. Kg5 Rxg4+ 45. Kxh5 Rg1 46. Kh6 Rb1 47. Kg7 Rb2 48. Re5+ Kc4 49. h5 Rxa2 50. h6 Rg2+ 51. Kf7 Rh2 52. Kg7 a2 53. Re1 b3 54. h7 b2 0-1

[Event "BL2 Sued 0910 (Women)"]
[Site "Germany"]
[Date "2010.03.13"]
[Round "6.4"]
[White "Zahn, Nicol"]
[Black "Henschel, Anke"]
[Result "0-1"]
[WhiteElo "1960"]
[BlackElo "1991"]
[PlyCount "96"]
[EventDate "2009.11.07"]
[EventType "team-tourn"]
[EventRounds "7"]
[EventCountry "GER"]
[SourceTitle "CBM 133 Extra"]
[Source "ChessBase"]
[SourceDate "2010.01.05"]
[SourceVersion "1"]
[SourceVersionDate "2010.01.05"]
[SourceQuality "1"]
[WhiteTeam "Hofheim (W)"]
[BlackTeam "Differten (W)"]
[WhiteTeamCountry "GER"]
[BlackTeamCountry "GER"]

1. e4 d5 2. Nc3 d4 3. Nce2 e5 4. Nf3 Bd6 5. Ng3 Ne7 6. Bc4 h6 7. d3 Nd7 8. 0-0 Nf6 9. Nh4 Bg4 10. f3 Bd7 11. f4 Bg4 12. Qe1 Qd7 13. fxe5 Bxe5 14. Bf4 Nc6 15. Bb5 Bxf4 16. Rxf4 0-0-0 17. Bxc6 Qxc6 18. e5 h5 19. exf6 g5 20. Nhf5 Qxc2 21. Rf2 Qxd3 22. Rc1 h4 23. Qa5 c6 24. Ne7+ Kb8 25. Ngf5 Bxf5 26. Nxf5 Rd5 27. Rc5 Rhd8 28. Ne7 Rxc5 29. Qxc5 Qb1+ 30. Rf1 Qxb2 31. Qxg5 d3 32. Qxh4 d2 33. Qf4+ Ka8 34. Qg4 Qxa2 35. h4 Qc2 36. h5 d1Q 37. Rxd1 Qxd1+ 38. Qxd1 Rxd1+ 39. Kf2 a5 40. g4 a4 41. g5 a3 42. g6 a2 43. g7 Rd8 44. g8Q Rxg8 45. Nxg8 a1Q 46. h6 b5 47. Kg2 Qb1 48. Kf3 Qg6 0-1

[Event "BL2 Sued 0910 (Women)"]
[Site "Germany"]
[Date "2010.01.17"]
[Round "5.4"]
[White "Krasnopeyeva, Julia"]
[Black "Henschel, Anke"]
[Result "1-0"]
[WhiteElo "1934"]
[BlackElo "1991"]
[PlyCount "73"]
[EventDate "2009.11.07"]
[EventType "team-tourn"]
[EventRounds "7"]
[EventCountry "GER"]
[SourceTitle "CBM 133 Extra"]
[Source "ChessBase"]
[SourceDate "2010.01.05"]
[SourceVersion "1"]
[SourceVersionDate "2010.01.05"]
[SourceQuality "1"]
[WhiteTeam "Schott Mainz (W)"]
[BlackTeam "Differten (W)"]
[WhiteTeamCountry "GER"]
[BlackTeamCountry "GER"]

1. e4 d5 2. exd5 Qxd5 3. Nc3 Qd6 4. d4 Nf6 5. Nf3 Bg4 6. Be3 e6 7. Be2 a6 8. h3 Bh5 9. Qd2 Nc6 10. 0-0-0 0-0-0 11. g4 Bg6 12. Nh4 Nd5 13. Nxg6 hxg6 14. Ne4 Qd7 15. c4 Nb6 16. f4 Bb4 17. Qc2 Na5 18. d5 exd5 19. Bxb6 cxb6 20. Rxd5 Qc7 21. Rxd8+ Rxd8 22. Rf1 Rd4 23. a3 Bd2+ 24. Nxd2 Qe7 25. Qc3 Rd6 26. Bf3 Qd7 27. Bd5 Kb8 28. Ne4 Rxd5 29. cxd5 Qb5 30. Re1 Ka7 31. Nd6 Qxd5 32. Nc8+ Kb8 33. Nxb6 Nb3+ 34. Kb1 Nd2+ 35. Kc2 Qb5 36. Qe5+ Ka7 37. Qxb5 1-0

[Event "BL2 Sued 0910 (Women)"]
[Site "Germany"]
[Date "2009.11.07"]
[Round "1.4"]
[White "Roos, Karin"]
[Black "Henschel, Anke"]
[Result "0-1"]
[WhiteElo "1864"]
[BlackElo "1991"]
[PlyCount "84"]
[EventDate "2009.11.07"]
[EventType "team-tourn"]
[EventRounds "7"]
[EventCountry "GER"]
[SourceTitle "CBM 133 Extra"]
[Source "ChessBase"]
[SourceDate "2010.01.05"]
[SourceVersion "1"]
[SourceVersionDate "2010.01.05"]
[SourceQuality "1"]
[WhiteTeam "Bayern Muenchen (W)"]
[BlackTeam "Differten (W)"]
[WhiteTeamCountry "GER"]
[BlackTeamCountry "GER"]

1. e4 d5 2. exd5 Qxd5 3. Nc3 Qa5 4. d4 c6 5. Bd2 Nf6 6. Nge2 Bf5 7. g3 e6 8. Ne4 Qd8 9. Nxf6+ Qxf6 10. Bg2 Nd7 11. 0-0 Nb6 12. Bf4 Nd7 13. c3 g5 14. Be3 Bd6 15. c4 h5 16. Qd2 Be7 17. d5 e5 18. dxc6 bxc6 19. Bxc6 Qxc6 20. f3 Bh3 21. Rf2 Rg8 22. Nc3 Bc5 23. Re1 Be6 24. b3 Rd8 25. Ne4 Bxe3 26. Qxe3 f6 27. Rd1 Ke7 28. Qxa7 g4 29. Rd6 Qa8 30. Qe3 Rg6 31. Rfd2 gxf3 32. Nc5 Bh3 33. Nxd7 Rxd7 34. Qc5 Ke8 35. Kf2 Qa7 36. Qxa7 Rxa7 37. Kxf3 Bg4+ 38. Ke4 Ke7 39. c5 Rg8 40. c6 Rc8 41. Kd5 Rac7 42. Rc2 Bf3+ 0-1

[Event "BL2 Gr01 0506 (Women)"]
[Site "Germany"]
[Date "2006.03.05"]
[Round "7.5"]
[White "Henschel, Anke"]
[Black "Luft, Helga"]
[Result "0-1"]
[WhiteElo "1787"]
[BlackElo "1705"]
[PlyCount "72"]
[EventDate "2005.10.29"]
[EventType "team-tourn"]
[EventRounds "7"]
[EventCountry "GER"]
[SourceTitle "EXT 2007"]
[Source "ChessBase"]
[SourceDate "2006.11.23"]
[SourceVersion "1"]
[SourceVersionDate "2006.11.23"]
[SourceQuality "1"]
[WhiteTeam "Wadgassen/Differten (W)"]
[BlackTeam "Krefeld Turm (W)"]
[WhiteTeamCountry "GER"]
[BlackTeamCountry "GER"]

1. e4 c5 2. Nf3 Nc6 3. Bb5 Nd4 4. Nxd4 cxd4 5. 0-0 a6 6. Ba4 b5 7. Bb3 Bb7 8. d3 e6 9. Bf4 Qf6 10. Bg3 h5 11. Qf3 Qg6 12. Bh4 Qh6 13. Bg3 g5 14. a4 h4 15. Be5 Bg7 16. Bxg7 Qxg7 17. h3 Ne7 18. axb5 axb5 19. Rxa8+ Bxa8 20. Nd2 f5 21. Re1 g4 22. hxg4 fxg4 23. Qf4 e5 24. Qh2 Qg5 25. Re2 Ng6 26. Nf1 Nf4 27. Re1 Rf8 28. Ba2 d6 29. Bb3 Ke7 30. Ba2 Bc6 31. Bb3 Bd7 32. Bd5 Nh5 33. Ra1 g3 34. fxg3 hxg3 35. Nxg3 Qe3+ 36. Kh1 Nxg3+ 0-1

[Event "BL2 Gr01 0506 (Women)"]
[Site "Germany"]
[Date "2005.10.30"]
[Round "2.4"]
[White "Storkebaum, Ulrike"]
[Black "Henschel, Anke"]
[Result "1/2-1/2"]
[WhiteElo "1721"]
[BlackElo "1787"]
[PlyCount "119"]
[EventDate "2005.10.29"]
[EventType "team-tourn"]
[EventRounds "7"]
[EventCountry "GER"]
[SourceTitle "EXT 2007"]
[Source "ChessBase"]
[SourceDate "2006.11.23"]
[SourceVersion "1"]
[SourceVersionDate "2006.11.23"]
[SourceQuality "1"]
[WhiteTeam "Hofheim (W)"]
[BlackTeam "Wadgassen/Differten (W)"]
[WhiteTeamCountry "GER"]
[BlackTeamCountry "GER"]

1. e4 d5 2. exd5 Qxd5 3. Nc3 Qa5 4. d4 Nf6 5. Bd2 Qb6 6. Bc1 c6 7. h3 Bf5 8. Nf3 Nbd7 9. Bd3 Bxd3 10. Qxd3 e6 11. 0-0 Bd6 12. Na4 Qc7 13. b3 h6 14. c4 0-0 15. Be3 Rfd8 16. Qc2 c5 17. Rad1 cxd4 18. Nxd4 a6 19. Qe2 Bh2+ 20. Kh1 Bf4 21. Bxf4 Qxf4 22. Nf3 Qc7 23. Rfe1 Nc5 24. Nxc5 Qxc5 25. Ne5 Rac8 26. Nd3 Qc6 27. Kh2 b5 28. Ne5 Qc5 29. Kg1 bxc4 30. Nxc4 a5 31. Kf1 Nd5 32. Qf3 a4 33. g3 axb3 34. axb3 Rb8 35. Rb1 Rb7 36. Rec1 Qb5 37. Kg2 Qb4 38. Kh2 Rc8 39. Qd3 Rcb8 40. Ne5 Qb6 41. Qf3 Qd6 42. Nc4 Qd7 43. Ne5 Qd6 44. Qe4 Rb4 45. Nc4 Qa6 46. Qc2 Rc8 47. Qd2 Rcb8 48. Ra1 Qb5 49. Ra5 Qe8 50. Ra7 Qf8 51. Ne5 R4b7 52. Rxb7 Rxb7 53. Qd3 Qb8 54. Nc6 Qe8 55. Qa6 Rc7 56. Rc4 Kh8 57. Ne5 Rxc4 58. bxc4 Ne7 59. Qb7 f6 60. Nf3 1/2-1/2